| 000 | 00644nam a22001697a 4500 | ||
|---|---|---|---|
| 999 |
_c14200 _d14200 |
||
| 003 | AR-CdUCM | ||
| 008 | 190422b ||||| |||| 00| 0 spa d | ||
| 040 |
_aMUNICIPALIDAD PROVINCIAL DEL CUSCO _cBIBLIOTECA MUNICIPAL DEL CUSCO |
||
| 082 |
_aC / 985.004 / _bG88 |
||
| 100 |
_aGuevara, Victor J. _920584 |
||
| 245 | _aLas grandes cuestiones nacionales / | ||
| 260 |
_aCuzco : _bH. G. Rozas sucs, _c1939. |
||
| 300 |
_a185 pƔginas ; _c21 cm. |
||
| 505 | _aEl problema del petroleo -- EL problema del ferrocarril de la Peruvian -- El problema de la inmigración japonesa -- El problema moral... | ||
| 942 |
_2ddc _cLIBROS |
||
| 945 |
_awfj _d2019-04-22 |
||